[Event "Valdivia op 2nd"]
[Site "Valdivia"]
[Date "2021.09.19"]
[Round "6"]
[White "Lara Reyes, Jorge Andres"]
[Black "Ballesteros Cardenas, Leonardo"]
[Result "0-1"]
[WhiteElo "1744"]
[BlackElo "1991"]
[PlyCount "84"]
[EventDate "2021.09.16"]
[EventType "swiss"]
[EventRounds "6"]
[EventCountry "CHI"]
[SourceTitle "CBM 204 Extra"]
[Source "ChessBase"]
[SourceDate "2021.11.30"]
[SourceVersion "1"]
[SourceVersionDate "2021.11.30"]
[SourceQuality "1"]

1. d4 Nf6 2. Nf3 e6 3. c4 c5 4. d5 exd5 5. cxd5 d6 6. e4 g6 7. h3 Bg7 8. Bd3 a6 9. Be3 0-0 10. Nbd2 Nbd7 11. a4 Re8 12. 0-0 Qe7 13. Qc2 h6 14. Rfe1 g5 15. a5 g4 16. hxg4 Nxg4 17. Bf4 Nde5 18. Nxe5 Nxe5 19. Bxe5 Bxe5 20. Nc4 Bd4 21. Qd2 Qf6 22. Rab1 Bd7 23. Ne3 Kh8 24. Nf5 Bxf5 25. exf5 Kg7 26. b4 Bc3 27. Rxe8 Rxe8 28. Qf4 cxb4 29. Qc4 Re7 30. g3 Re1+ 31. Kg2 Rxb1 32. Bxb1 Qd4 33. Qxd4+ Bxd4 34. f4 b3 35. Kf3 Bc3 36. Ke4 Bxa5 37. g4 Kf6 38. Ke3 Bb4 39. Kd3 b5 40. Kd4 a5 41. Bd3 a4 42. Bxb5 a3 0-1